000 02060nab a2200301 a 4500
005 20250930154254.0
008 991125c2018 sp fr p o 000 0 spa d
035 _aUPN01000227726
040 _aUPN
_bspa
_cUPN
_eaacr2
049 _aART-E
100 1 _aLópez Acosta, Sergio Antonio
_6- sergioalopezacosta@gmail.com
100 1 _aJarvio Fernández, A. Olivia
245 1 0 _aPromoción de la lectura en espacios virtuales: el caso del Portal de Lectores y Lecturas de la Universidad Veracruzana
_h[recurso electrónico en línea]
506 0 _aAcceso abierto
520 3 _aEste artículo presenta un estudio de caso: del Portal de Lectores y Lecturas (www.uv.mx/lectores) de la Universidad Veracruzana (UV), en el que se muestra una estrategia para promover la lectura no utilitaria a través de internet. Este Portal, a manera de blog, contiene artículos, noticias y otros textos relacionados con la lectura, así como reseñas de algunos libros publicados en la Colección Biblioteca del Universitario, una colección de literatura establecida por el escritor Sergio Pitol. Se analizó el diseño del Portal para seleccionar el contenido apropiado y la manera más atractiva de mostrarlo. El objetivo fue que los potenciales lectores lo visitaran y encontraran temas interesantes y de su agrado. La estrategia se planeó dirigida a jóvenes, aunque no exclusiva para ellos. Se exponen el marco referencial, los antecedentes, la estrategia metodológica y se muestran algunos resultados, así como sugerencias para un plan de mejora.
650 2 _96074
_aHábitos de lectura
650 2 _913784
_aProgramas de lectura
650 4 _aCultura
_97095
653 0 _aLectura digital
653 0 _aTecnología digital
653 0 _aUniversidad Veracruzana
773 _gNo. 18 (2018), p. 1-18
_tÁlabe : revista de investigación sobre lectura y escritura
_x2171-9624
856 4 _uhttp://revistaalabe.com/index/alabe/article/view/431/294
856 4 _u10.15645/Alabe2018.18.3
902 _aGloria Jiménez
905 _aArticulo
942 _cART-E
999 _c199821
_d199821